000 02426nam a2200349 a 4500
001 ebr10675042
003 CaPaEBR
006 m u
007 cr cn|||||||||
008 100222s2010 nyuab sb 001 0 eng d
010 _z 2010007599
020 _z9781606929544 (hardcover)
020 _z9781616688691 (e-book)
040 _aCaPaEBR
_cCaPaEBR
035 _a(OCoLC)758387390
050 1 4 _aQH84
_b.P497 2010eb
082 0 4 _a576.8/809
_222
245 0 0 _aPhylogeography
_h[electronic resource] :
_bconcepts, intraspecific patterns, and speciation processes /
_cDamien S. Rutgers, editor.
260 _aNew York :
_bNova Science Publishers, Inc.,
_cc2010.
300 _axii, 209 p. :
_bill., maps.
490 1 _aGenetics--research and issues
504 _aIncludes bibliographical references and index.
505 0 _aPhylogeography and speciation processes in marine fishes and fishes from large freshwater lakes / Michael Matschiner ... and others -- Phylogeography : it's importance in insect pest control / M.D. Ochando -- Host specificity and speciation in parasitic plants / Chris J. Thorogood, Simon J. Hiscock -- Gene flow, genetic drift, and geographic variation of the Ainu : an assessment based on nonmetric cranial traits / Tsunehiko Hanihara -- Suture zones and phylogeographic concordance : are they the same and how should we test for their existence? / Nathan G. Swenson -- Differentiation history of dragonflies in the insular East Asia revealed by the gene genealogy (odonata: hexapoda) / Takuya Kiyoshi -- Statistical phylogeography, ecological niche models and predicting glacial refugia : an examination of key assumptions / Nathan G. Swenson, Jason Pither -- The need for a multispecies, multilocus phylogeographical approach / Cristiano Vernesi -- Phylogeography of finches and sparrows / Antonio Arnaiz-Villena, Pablo Gomez-Prieto, Valentin Ruiz-del-Valle.
533 _aElectronic reproduction.
_bPalo Alto, Calif. :
_cebrary,
_d2013.
_nAvailable via World Wide Web.
_nAccess may be limited to ebrary affiliated libraries.
650 0 _aPhylogeography.
650 0 _aPopulation geography.
655 7 _aElectronic books.
_2local
700 1 _aRutgers, Damien S.
710 2 _aebrary, Inc.
830 0 _aGenetics--research and issues series.
856 4 0 _uhttp://site.ebrary.com/lib/rucke/Doc?id=10675042
_zAn electronic book accessible through the World Wide Web; click to view
999 _c56957
_d56957